The land market 2006 (Record no. 78929)

MARC details
000 -LEADER
fixed length control field 00909cab a2200193 4500
001 - CONTROL NUMBER
control field L138622
008 - FIXED-LENGTH DATA ELEMENTS--GENERAL INFORMATION
fixed length control field 070228s2007 d s 000 0 eng u
035 ## - SYSTEM CONTROL NUMBER
System control number (Sirsi) u138622
041 0# - LANGUAGE CODE
Language code of text/sound track or separate title eng
100 1# - MAIN ENTRY--PERSONAL NAME
Personal name Shirley, Andrew
245 04 - TITLE STATEMENT
Title The land market 2006
Remainder of title the last six months
260 ## - PUBLICATION, DISTRIBUTION, ETC.
Date of publication, distribution, etc. 2007
490 00 - SERIES STATEMENT
Series statement Farmland Market
Volume/sequential designation (67) Autumn 2007, 4-5(2)
520 ## - SUMMARY, ETC.
Summary, etc. Looks at the land market in Great Britain in the first six months of 2006. Reports that the land market's slight recovery of volume in the first half of 2006 has been enough to reach expectations. Land prices continued to rise as the supply of farms to the market remained tight. Covers arable farming, the livestock and residential markets, and overseas buyers. Includes a regional round-up.
590 ## - LOCAL NOTE (RLIN)
Local note KA
651 #4 - SUBJECT ADDED ENTRY--GEOGRAPHIC NAME
Geographic name United Kingdom
Chronological subdivision
690 ## - LOCAL SUBJECT ADDED ENTRY--TOPICAL TERM (OCLC, RLIN)
Topical term or geographic name as entry element PROPERTY-RURAL AND NATURAL ASSETS-RURAL AND NATURAL ASSET MARKET
942 ## - ADDED ENTRY ELEMENTS (KOHA)
Suppress in OPAC 0
Holdings
Withdrawn status Lost status Source of classification or shelving scheme Damaged status Not for loan Home library Current library Shelving location Date acquired Total Checkouts Full call number Barcode Date last seen Copy number Price effective from Koha item type
    Dewey Decimal Classification     London London Journal article 26/06/2007   L138622 138622-1001 06/08/2019 1 06/08/2019 Journal article